| 000 | 00437pab a2200157 454500 | ||
|---|---|---|---|
| 008 | 180718b2002 xxu||||| |||| 00| 0 eng d | ||
| 100 | _aTuckey, Wilson | ||
| 245 | _aInquiry into local government responsibilities and funding | ||
| 260 | _c2002 | ||
| 300 | _ap.5-9. | ||
| 362 | _aDec | ||
| 650 | _aLocal government - Australia | ||
| 650 | _aLocal government | ||
| 773 | _aAustralian Journal of Public Administration | ||
| 909 | _a54840 | ||
| 999 |
_c54840 _d54840 |
||